000 00395nam a22001577a 4500
005 20240109110320.0
008 190529b xxu||||| |||| 00| 0 eng d
020 _aN 1243
041 _aeng
100 _aKALE,S.R AND KALE, R.R
_94994
245 _aPRACTICAL BIOCHEMISTRY AND CLINICAL PATHOLOGY
250 _a5th, Ed. 2018
260 _aPUNE
_bNIRALI PRAKASHAN
300 _a1.2p,
942 _cBK
999 _c5897
_d5895